[Event "DEM U12w 2017"]
[Site "Willingen GER"]
[Date "2017.06.07"]
[Round "6"]
[White "Orlova, Alicia"]
[Black "Dietz, Kristin"]
[Result "0-1"]
[Termination "normal"]
[Board "1"]
[WhiteElo "1452"]
[BlackElo "1733"]
[WhiteClock "00:15:36"]
[BlackClock "00:05:09"]
[PlyCount "118"]
[WhiteFideId "34154563"]
[BlackFideId "12993743"]
[EventCountry "GER"]
[EventRounds "11"]
[EventType "swiss"]
[EventDate "2017.06.03"]

1. e4 {[%clk 1:15:56]} 1... c5 {[%clk 1:15:51]} 2. Nf3 {[%clk 1:16:16]} 2... d6
{[%clk 1:16:14]} 3. Bb5+ {[%clk 1:16:17]} 3... Nc6 {[%clk 1:16:30]} 4. Bxc6+ {
[%clk 1:16:08]} 4... bxc6 {[%clk 1:16:40]} 5. O-O {[%clk 1:16:09]} 5... Bg4 {
[%clk 1:16:51]} 6. d3 {[%clk 1:16:18]} 6... e5 {[%clk 1:16:46]} 7. Be3 { [%clk
1:16:19]} 7... Nf6 {[%clk 1:16:59]} 8. Nbd2 {[%clk 1:16:15]} 8... Be7 { [%clk
1:16:51]} 9. h3 {[%clk 1:15:51]} 9... Bh5 {[%clk 1:16:51]} 10. c3 { [%clk
1:14:52]} 10... O-O {[%clk 1:16:14]} 11. Qc2 {[%clk 1:14:13]} 11... Bg6 { [%clk
1:00:00]} 12. Rfe1 {[%clk 1:09:06]} 12... Qc7 {[%clk 0:58:31]} 13. Nh4 { [%clk
1:06:16]} 13... d5 {[%clk 0:54:31]} 14. Nxg6 {[%clk 1:05:25]} 14... hxg6 {[%clk
0:53:00]} 15. Rad1 {[%clk 1:02:48]} 15... Rab8 {[%clk 0:47:05]} 16. Nb3 {[%clk
0:57:03]} 16... Qb7 {[%clk 0:38:13]} 17. Nxc5 {[%clk 0:54:51]} 17... Qxb2
{[%clk 0:37:37]} 18. Rd2 {[%clk 0:54:41]} 18... Qxc2 {[%clk 0:37:24]} 19. Rxc2
{[%clk 0:54:58]} 19... Rfd8 {[%clk 0:36:39]} 20. Nb3 {[%clk 0:54:15]} 20... a6
{[%clk 0:31:28]} 21. Bg5 {[%clk 0:50:28]} 21... dxe4 {[%clk 0:25:57]} 22. dxe4
{[%clk 0:48:26]} 22... Rb5 {[%clk 0:20:39]} 23. Ree2 {[%clk 0:44:16]} 23...
Rd1+ {[%clk 0:19:16]} 24. Kh2 {[%clk 0:44:26]} 24... Ng4+ {[%clk 0:19:05] } 25.
hxg4 {[%clk 0:44:15]} 25... Bxg5 {[%clk 0:19:29]} 26. f3 {[%clk 0:42:25]} 26...
Rb8 {[%clk 0:11:57]} 27. Rb2 {[%clk 0:40:28]} 27... Kh7 {[%clk 0:10:44]} 28.
Kg3 {[%clk 0:38:25]} 28... Rh1 {[%clk 0:10:22]} 29. Kf2 {[%clk 0:36:48]} 29...
Rd8 {[%clk 0:09:59]} 30. g3 {[%clk 0:26:25]} 30... Rdd1 {[%clk 0:08:19]} 31. f4
{[%clk 0:24:06]} 31... exf4 {[%clk 0:08:18]} 32. gxf4 {[%clk 0:23:43]} 32...
Bxf4 {[%clk 0:08:19]} 33. Kf3 {[%clk 0:22:35]} 33... g5 {[%clk 0:08:11]} 34. e5
{[%clk 0:22:18]} 34... Rd3+ {[%clk 0:07:05]} 35. Ke4 {[%clk 0:21:17]} 35...
Rxc3 {[%clk 0:06:59]} 36. Rbc2 {[%clk 0:19:41]} 36... Rxc2 { [%clk 0:07:11]}
37. Rxc2 {[%clk 0:19:54]} 37... Re1+ {[%clk 0:07:33]} 38. Kf3 { [%clk 0:19:00]}
38... Re3+ {[%clk 0:07:28]} 39. Kf2 {[%clk 0:19:09]} 39... Rxe5 {[%clk
0:07:35]} 40. Rxc6 {[%clk 0:19:25]} 40... Re6 {[%clk 0:03:48]} 41. Rxe6 {[%clk
0:19:33]} 41... fxe6 {[%clk 0:04:13]} 42. Nc5 {[%clk 0:19:50]} 42... a5 {[%clk
0:03:58]} 43. Nxe6 {[%clk 0:19:55]} 43... Kg6 {[%clk 0:03:46]} 44. a4 { [%clk
0:19:29]} 44... Kf6 {[%clk 0:03:25]} 45. Nc5 {[%clk 0:19:03]} 45... Bc7 { [%clk
0:03:07]} 46. Kf3 {[%clk 0:18:42]} 46... Ke5 {[%clk 0:02:49]} 47. Nd3+ { [%clk
0:18:08]} 47... Kd4 {[%clk 0:03:04]} 48. Nf2 {[%clk 0:17:41]} 48... Kc4 { [%clk
0:02:46]} 49. Ke4 {[%clk 0:17:22]} 49... Kb4 {[%clk 0:03:01]} 50. Kf5 { [%clk
0:16:51]} 50... Bd8 {[%clk 0:02:59]} 51. Ne4 {[%clk 0:15:41]} 51... Kxa4 {[%clk
0:03:00]} 52. Nd2 {[%clk 0:15:07]} 52... Kb4 {[%clk 0:03:15]} 53. Nb1 { [%clk
0:15:01]} 53... a4 {[%clk 0:03:32]} 54. Kg6 {[%clk 0:15:07]} 54... a3 { [%clk
0:03:19]} 55. Nxa3 {[%clk 0:15:16]} 55... Kxa3 {[%clk 0:03:44]} 56. Kxg7 {[%clk
0:15:39]} 56... Kb3 {[%clk 0:04:09]} 57. Kg6 {[%clk 0:15:55]} 57... Kc3 {[%clk
0:04:31]} 58. Kf5 {[%clk 0:15:42]} 58... Kd3 {[%clk 0:04:46]} 59. Kg6 { [%clk
0:15:36]} 59... Ke3 {[%clk 0:05:09]} 0-1

[Event "DEM U12w 2017"]
[Site "Willingen GER"]
[Date "2017.06.07"]
[Round "6"]
[White "Butenandt, Svenja"]
[Black "Oswald, Hannah"]
[Result "0-1"]
[Termination "normal"]
[Board "2"]
[WhiteElo "1473"]
[BlackElo "1502"]
[WhiteClock "00:39:07"]
[BlackClock "00:23:39"]
[PlyCount "84"]
[WhiteFideId "12993859"]
[BlackFideId "16214960"]
[EventCountry "GER"]
[EventRounds "11"]
[EventType "swiss"]
[EventDate "2017.06.03"]

1. e4 {[%clk 1:15:59]} 1... e5 {[%clk 1:15:55]} 2. Bc4 {[%clk 1:16:24]} 2...
Nf6 {[%clk 1:15:58]} 3. d3 {[%clk 1:16:50]} 3... Bc5 {[%clk 1:15:31]} 4. Nc3 {
[%clk 1:17:11]} 4... d6 {[%clk 1:14:08]} 5. f4 {[%clk 1:16:57]} 5... exf4 {
[%clk 1:05:28]} 6. Bxf4 {[%clk 1:17:15]} 6... Nc6 {[%clk 1:03:34]} 7. Nf3 {
[%clk 1:13:58]} 7... Be6 {[%clk 0:58:40]} 8. Bb5 {[%clk 1:13:09]} 8... a6 {
[%clk 0:56:26]} 9. Bxc6+ {[%clk 1:13:21]} 9... bxc6 {[%clk 0:56:50]} 10. Qe2 {
[%clk 1:11:27]} 10... h6 {[%clk 0:54:50]} 11. Be3 {[%clk 1:09:52]} 11... Bxe3 {
[%clk 0:53:59]} 12. Qxe3 {[%clk 1:10:18]} 12... O-O {[%clk 0:51:46]} 13. O-O {
[%clk 1:10:23]} 13... Qe7 {[%clk 0:48:03]} 14. Nd4 {[%clk 1:08:14]} 14... Bd7 {
[%clk 0:43:03]} 15. Qg3 {[%clk 1:07:05]} 15... Kh7 {[%clk 0:36:08]} 16. Nf5 {
[%clk 1:03:56]} 16... Bxf5 {[%clk 0:36:26]} 17. Rxf5 {[%clk 1:04:06]} 17...
Rab8 {[%clk 0:34:46]} 18. b3 {[%clk 1:03:25]} 18... d5 {[%clk 0:34:04]} 19.
exd5 {[%clk 1:02:31]} 19... Qc5+ {[%clk 0:33:47]} 20. d4 {[%clk 1:01:42]} 20...
Qxd4+ {[%clk 0:33:32]} 21. Kh1 {[%clk 1:00:59]} 21... Ne4 {[%clk 0:32:04]} 22.
Qe5 {[%clk 0:50:06]} 22... Qxc3 {[%clk 0:30:04]} 23. Qxc3 {[%clk 0:49:37]}
23... Nxc3 {[%clk 0:30:27]} 24. dxc6 {[%clk 0:50:00]} 24... Nb5 {[%clk 0:28:04]
} 25. Rd1 {[%clk 0:47:18]} 25... Rbd8 {[%clk 0:27:36]} 26. Rfd5 {[%clk 0:46:43]
} 26... Rxd5 {[%clk 0:27:24]} 27. Rxd5 {[%clk 0:47:08]} 27... Re8 { [%clk
0:27:09]} 28. Kg1 {[%clk 0:46:59]} 28... Re6 {[%clk 0:26:20]} 29. a4 { [%clk
0:45:32]} 29... Na7 {[%clk 0:26:09]} 30. Rc5 {[%clk 0:44:36]} 30... Rxc6 {[%clk
0:24:35]} 31. Rxc6 {[%clk 0:45:02]} 31... Nxc6 {[%clk 0:25:01]} 32. Kf2 {[%clk
0:45:13]} 32... Nd4 {[%clk 0:25:12]} 33. Ke3 {[%clk 0:44:47]} 33... Nxc2+
{[%clk 0:25:34]} 34. Ke4 {[%clk 0:44:26]} 34... a5 {[%clk 0:25:18]} 35. Kd5
{[%clk 0:43:14]} 35... Ne3+ {[%clk 0:25:13]} 36. Kc6 {[%clk 0:43:22]} 36...
Nxg2 {[%clk 0:24:05]} 37. Kd5 {[%clk 0:38:00]} 37... f5 {[%clk 0:23:46]} 38.
Ke5 {[%clk 0:38:16]} 38... f4 {[%clk 0:24:06]} 39. Ke4 {[%clk 0:38:25]} 39...
c5 {[%clk 0:24:18]} 40. Kf3 {[%clk 0:38:38]} 40... Kg6 {[%clk 0:23:22]} 41.
Kxg2 {[%clk 0:38:45]} 41... Kf5 {[%clk 0:23:48]} 42. Kf3 {[%clk 0:39:07]} 42...
g5 {[%clk 0:23:39]} 0-1

[Event "DEM U12w 2017"]
[Site "Willingen GER"]
[Date "2017.06.07"]
[Round "6"]
[White "Reuter, Elisa"]
[Black "Heutling, Elina"]
[Result "1-0"]
[Termination "normal"]
[Board "3"]
[WhiteElo "1655"]
[BlackElo "1461"]
[WhiteClock "00:13:11"]
[BlackClock "00:02:47"]
[PlyCount "155"]
[WhiteFideId "12995444"]
[BlackFideId "16244729"]
[EventCountry "GER"]
[EventRounds "11"]
[EventType "swiss"]
[EventDate "2017.06.03"]

1. e4 {[%clk 1:15:58]} 1... e5 {[%clk 1:15:54]} 2. Nf3 {[%clk 1:16:24]} 2...
Nc6 {[%clk 1:16:19]} 3. Bc4 {[%clk 1:16:51]} 3... Bc5 {[%clk 1:16:45]} 4. c3 {
[%clk 1:17:17]} 4... Nf6 {[%clk 1:17:09]} 5. d3 {[%clk 1:17:43]} 5... d6 {
[%clk 1:17:16]} 6. O-O {[%clk 1:18:04]} 6... a6 {[%clk 1:17:35]} 7. Bb3 { [%clk
1:18:22]} 7... Ba7 {[%clk 1:17:51]} 8. Nbd2 {[%clk 1:17:27]} 8... h6 { [%clk
1:17:45]} 9. h3 {[%clk 1:17:35]} 9... g5 {[%clk 1:18:02]} 10. Nh2 { [%clk
1:15:23]} 10... h5 {[%clk 1:15:03]} 11. Kh1 {[%clk 1:10:52]} 11... g4 { [%clk
1:09:34]} 12. h4 {[%clk 1:09:57]} 12... Bd7 {[%clk 0:54:02]} 13. g3 { [%clk
1:08:53]} 13... Qe7 {[%clk 0:49:02]} 14. Bc2 {[%clk 1:08:18]} 14... O-O-O
{[%clk 0:47:05]} 15. b4 {[%clk 1:05:50]} 15... d5 {[%clk 0:44:09]} 16. Qe2 {
[%clk 1:02:16]} 16... d4 {[%clk 0:39:57]} 17. c4 {[%clk 1:00:39]} 17... Qxb4 {
[%clk 0:34:53]} 18. Nb3 {[%clk 0:59:06]} 18... Qd6 {[%clk 0:30:18]} 19. a4 {
[%clk 0:56:37]} 19... Nh7 {[%clk 0:25:33]} 20. Ba3 {[%clk 0:55:02]} 20... Qg6 {
[%clk 0:24:04]} 21. Rab1 {[%clk 0:49:53]} 21... f5 {[%clk 0:22:45]} 22. exf5 {
[%clk 0:50:06]} 22... Bxf5 {[%clk 0:21:25]} 23. Rfe1 {[%clk 0:45:40]} 23... Nf6
{[%clk 0:18:32]} 24. Nd2 {[%clk 0:35:14]} 24... Rhe8 {[%clk 0:12:42]} 25. Ne4 {
[%clk 0:18:31]} 25... Nxe4 {[%clk 0:11:10]} 26. dxe4 {[%clk 0:18:33]} 26... Be6
{[%clk 0:10:30]} 27. Bd3 {[%clk 0:18:31]} 27... Qf7 {[%clk 0:07:50]} 28. c5 {
[%clk 0:14:03]} 28... Rg8 {[%clk 0:04:34]} 29. Qb2 {[%clk 0:08:43]} 29... Bc4 {
[%clk 0:03:15]} 30. Qxb7+ {[%clk 0:03:59]} 30... Kd7 {[%clk 0:03:43]} 31. Bxc4
{[%clk 0:03:36]} 31... Qxc4 {[%clk 0:04:11]} 32. Qb3 {[%clk 0:03:38]} 32...
Qxb3 {[%clk 0:03:48]} 33. Rxb3 {[%clk 0:04:03]} 33... Rb8 {[%clk 0:03:39]} 34.
Reb1 {[%clk 0:02:27]} 34... Rxb3 {[%clk 0:02:35]} 35. Rxb3 {[%clk 0:02:51]}
35... Na5 {[%clk 0:01:45]} 36. Rb1 {[%clk 0:02:23]} 36... Kc6 {[%clk 0:01:34]}
37. Nf1 {[%clk 0:00:33]} 37... Nc4 {[%clk 0:01:07]} 38. Bc1 {[%clk 0:00:43]}
38... Bxc5 {[%clk 0:01:04]} 39. Bg5 {[%clk 0:00:48]} 39... Rf8 {[%clk 0:00:52]}
40. Kg2 {[%clk 0:00:44]} 40... Rf7 {[%clk 0:00:37]} 41. Rc1 {[%clk 0:00:33]}
41... Nd6 {[%clk 0:14:20]} 42. Nd2 {[%clk 0:15:43]} 42... Kb6 {[%clk 0:09:24]}
43. Nb3 {[%clk 0:14:17]} 43... Nxe4 {[%clk 0:08:54]} 44. Rc2 {[%clk 0:13:39]}
44... d3 {[%clk 0:07:47]} 45. Nxc5 {[%clk 0:12:47]} 45... Nxc5 {[%clk 0:07:12]}
46. Rc1 {[%clk 0:12:22]} 46... Ne4 {[%clk 0:04:52]} 47. Be3+ {[%clk 0:12:09]}
47... Kb7 {[%clk 0:03:44]} 48. Rd1 {[%clk 0:11:47]} 48... Rd7 {[%clk 0:03:06]}
49. Kf1 {[%clk 0:09:34]} 49... d2 {[%clk 0:02:44]} 50. Kg2 {[%clk 0:09:22]}
50... Nc3 {[%clk 0:02:49]} 51. Rxd2 {[%clk 0:09:27]} 51... Rxd2 {[%clk 0:03:00]
} 52. Bxd2 {[%clk 0:09:52]} 52... Nxa4 {[%clk 0:02:52]} 53. f3 {[%clk 0:10:11]}
53... gxf3+ {[%clk 0:01:56]} 54. Kxf3 {[%clk 0:10:37]} 54... Nc5 { [%clk
0:02:12]} 55. g4 {[%clk 0:10:29]} 55... hxg4+ {[%clk 0:01:48]} 56. Kxg4 { [%clk
0:10:55]} 56... Ne6 {[%clk 0:01:25]} 57. Kf5 {[%clk 0:11:18]} 57... Nd4+ {[%clk
0:01:44]} 58. Ke4 {[%clk 0:11:34]} 58... Kc8 {[%clk 0:01:01]} 59. h5 { [%clk
0:11:29]} 59... Kd7 {[%clk 0:01:08]} 60. h6 {[%clk 0:11:47]} 60... Ne6 { [%clk
0:01:18]} 61. h7 {[%clk 0:12:06]} 61... c5 {[%clk 0:00:57]} 62. h8=Q { [%clk
0:12:22]} 62... Kd6 {[%clk 0:01:13]} 63. Qxe5+ {[%clk 0:12:48]} 63... Kd7
{[%clk 0:01:29]} 64. Qd5+ {[%clk 0:12:20]} 64... Ke7 {[%clk 0:01:55]} 65. Qb7+
{[%clk 0:12:41]} 65... Kf6 {[%clk 0:02:20]} 66. Qxa6 {[%clk 0:12:50]} 66... c4
{[%clk 0:02:47]} 67. Qxc4 {[%clk 0:13:11]} 67... Ke7 68. Qb4+ Kf6 69. Kf3 Kf7
70. Qc4 Ke7 71. Bb4+ Kd7 72. Qd5+ Kc8 73. Qxe6+ Kb7 74. Ba5 Kb8 75. Qd7 Ka8 76.
Bb6 Kb8 77. Qc7+ Ka8 78. Qa7# 1-0

[Event "DEM U12w 2017"]
[Site "Willingen GER"]
[Date "2017.06.07"]
[Round "6"]
[White "Ziegenfuß, Antonia"]
[Black "Bayer, Melissa"]
[Result "1-0"]
[Termination "normal"]
[Board "5"]
[WhiteElo "1911"]
[BlackElo "1583"]
[WhiteClock "00:07:30"]
[BlackClock "00:10:25"]
[PlyCount "111"]
[WhiteFideId "12962554"]
[BlackFideId "16206916"]
[EventCountry "GER"]
[EventRounds "11"]
[EventType "swiss"]
[EventDate "2017.06.03"]

1. d4 {[%clk 1:15:57]} 1... d5 {[%clk 1:15:47]} 2. c4 {[%clk 1:16:18]} 2... e6
{[%clk 1:15:52]} 3. Nc3 {[%clk 1:16:38]} 3... Be7 {[%clk 1:15:49]} 4. cxd5 {
[%clk 1:16:18]} 4... exd5 {[%clk 1:15:59]} 5. Bf4 {[%clk 1:16:26]} 5... c6 {
[%clk 1:14:33]} 6. e3 {[%clk 1:16:29]} 6... Bf5 {[%clk 1:14:39]} 7. Bd3 { [%clk
1:06:56]} 7... Bxd3 {[%clk 1:14:34]} 8. Qxd3 {[%clk 1:07:21]} 8... Nf6 { [%clk
1:14:06]} 9. Nge2 {[%clk 1:07:25]} 9... Nbd7 {[%clk 1:12:05]} 10. O-O { [%clk
1:02:41]} 10... O-O 11. f3 11... Nb6 {[%clk 1:04:59]} 12. e4 { [%clk 0:57:43]}
12... dxe4 {[%clk 1:01:52]} 13. fxe4 {[%clk 0:57:39]} 13... Qd7 {[%clk
1:00:14]} 14. Rad1 {[%clk 0:51:38]} 14... Rad8 {[%clk 0:58:07]} 15. Rf3 {[%clk
0:43:35]} 15... Nh5 {[%clk 0:50:08]} 16. Rh3 {[%clk 0:40:43]} 16... Qg4 {[%clk
0:46:41]} 17. e5 {[%clk 0:32:27]} 17... h6 {[%clk 0:43:04]} 18. Rf1 { [%clk
0:25:09]} 18... Nd5 {[%clk 0:36:51]} 19. Nxd5 {[%clk 0:23:53]} 19... Rxd5
{[%clk 0:35:53]} 20. Bd2 {[%clk 0:21:05]} 20... c5 {[%clk 0:32:36]} 21. Qf3 {
[%clk 0:20:06]} 21... Qxf3 {[%clk 0:30:03]} 22. Rfxf3 {[%clk 0:20:24]} 22... g6
{[%clk 0:29:00]} 23. g4 {[%clk 0:16:37]} 23... Ng7 {[%clk 0:26:55]} 24. Rxh6 {
[%clk 0:16:43]} 24... g5 {[%clk 0:21:58]} 25. Rfh3 {[%clk 0:14:53]} 25... f5 {
[%clk 0:21:48]} 26. e6 {[%clk 0:13:42]} 26... Nxe6 {[%clk 0:15:10]} 27. Rxe6 {
[%clk 0:13:46]} 27... fxg4 {[%clk 0:15:02]} 28. Rb3 {[%clk 0:11:10]} 28... Bf6
{[%clk 0:12:32]} 29. Rxb7 {[%clk 0:09:32]} 29... cxd4 {[%clk 0:12:10]} 30. Ng3
{[%clk 0:04:01]} 30... d3 {[%clk 0:10:29]} 31. Ne4 {[%clk 0:04:17]} 31... Bd4+
{[%clk 0:10:38]} 32. Kg2 {[%clk 0:04:35]} 32... Re5 {[%clk 0:10:27]} 33. Rxe5 {
[%clk 0:04:15]} 33... Bxe5 {[%clk 0:10:49]} 34. Rd7 {[%clk 0:04:35]} 34... Bxb2
{[%clk 0:10:52]} 35. Rxd3 {[%clk 0:04:56]} 35... Rc8 {[%clk 0:10:27]} 36. Bxg5
{[%clk 0:04:41]} 36... Rc2+ {[%clk 0:09:48]} 37. Rd2 {[%clk 0:04:57]} 37...
Rxd2+ {[%clk 0:10:04]} 38. Bxd2 {[%clk 0:05:23]} 38... Kf7 {[%clk 0:09:53]} 39.
Kg3 {[%clk 0:05:30]} 39... Ke6 {[%clk 0:09:16]} 40. Kxg4 {[%clk 0:03:22]} 40...
Bg7 {[%clk 0:06:32]} 41. Be3 {[%clk 0:02:12]} 41... a5 {[%clk 0:06:41]} 42. Bd2
{[%clk 0:01:57]} 42... Kd5 {[%clk 0:06:50]} 43. Nc3+ {[%clk 0:00:34]} 43... Kc4
{[%clk 0:06:47]} 44. Ne4 {[%clk 0:13:23]} 44... Kd3 {[%clk 0:19:48]} 45. Kf5 {
[%clk 0:13:10]} 45... a4 {[%clk 0:18:56]} 46. h4 {[%clk 0:12:26]} 46... Kc2 {
[%clk 0:16:21]} 47. h5 {[%clk 0:12:14]} 47... a3 {[%clk 0:15:24]} 48. Kg6 {
[%clk 0:09:25]} 48... Bf8 {[%clk 0:12:33]} 49. Kf7 {[%clk 0:09:04]} 49... Bc5 {
[%clk 0:11:36]} 50. Nxc5 {[%clk 0:08:45]} 50... Kxd2 {[%clk 0:11:29]} 51. h6 {
[%clk 0:08:19]} 51... Kc3 {[%clk 0:11:16]} 52. h7 {[%clk 0:08:01]} 52... Kb2 {
[%clk 0:11:12]} 53. h8=Q+ {[%clk 0:07:54]} 53... Kxa2 {[%clk 0:11:00]} 54. Qh2+
{[%clk 0:07:45]} 54... Kb1 {[%clk 0:10:44]} 55. Nd3 {[%clk 0:07:30]} 55... a2 {
[%clk 0:10:25]} 56. Qb2# 1-0

[Event "DEM U12w 2017"]
[Site "Willingen GER"]
[Date "2017.06.07"]
[Round "6"]
[White "Werner, Rosalie"]
[Black "Bashylina, Luisa"]
[Result "1/2-1/2"]
[Termination "normal"]
[Board "6"]
[WhiteElo "1397"]
[BlackElo "1525"]
[WhiteClock "00:24:49"]
[BlackClock "00:30:41"]
[PlyCount "65"]
[WhiteFideId "16223748"]
[BlackFideId "12983292"]
[EventCountry "GER"]
[EventRounds "11"]
[EventType "swiss"]
[EventDate "2017.06.03"]

1. e4 {[%clk 1:15:59]} 1... c5 {[%clk 1:15:52]} 2. Nf3 {[%clk 1:16:24]} 2... e6
{[%clk 1:16:07]} 3. d4 {[%clk 1:16:48]} 3... cxd4 {[%clk 1:16:33]} 4. Nxd4 {
[%clk 1:17:12]} 4... a6 {[%clk 1:16:53]} 5. Nc3 {[%clk 1:17:37]} 5... Qc7 {
[%clk 1:17:17]} 6. Be2 {[%clk 1:17:56]} 6... Nc6 {[%clk 1:14:52]} 7. O-O {
[%clk 1:15:03]} 7... Nf6 {[%clk 1:14:41]} 8. Kh1 {[%clk 1:15:18]} 8... Nxd4 {
[%clk 1:11:34]} 9. Qxd4 {[%clk 1:15:16]} 9... Bc5 {[%clk 1:11:25]} 10. Qd1 {
[%clk 1:13:35]} 10... O-O {[%clk 1:10:56]} 11. f4 {[%clk 1:13:56]} 11... d6 {
[%clk 1:09:24]} 12. Qe1 {[%clk 1:11:45]} 12... b5 {[%clk 1:09:13]} 13. a3 {
[%clk 1:12:10]} 13... Bb7 {[%clk 1:08:50]} 14. Bd3 {[%clk 1:12:06]} 14... Qb6 {
[%clk 1:05:24]} 15. Qh4 {[%clk 1:05:18]} 15... Qc6 {[%clk 0:58:33]} 16. Rf3 {
[%clk 1:03:08]} 16... d5 {[%clk 0:53:58]} 17. exd5 {[%clk 1:00:16]} 17... exd5
{[%clk 0:53:45]} 18. Rh3 {[%clk 0:58:50]} 18... h6 {[%clk 0:53:28]} 19. Qg3 {
[%clk 0:51:29]} 19... Ne4 {[%clk 0:51:53]} 20. Bxe4 {[%clk 0:48:30]} 20... dxe4
{[%clk 0:52:05]} 21. f5 {[%clk 0:48:15]} 21... e3 {[%clk 0:51:50]} 22. f6 {
[%clk 0:43:48]} 22... Qxf6 {[%clk 0:50:56]} 23. Bxe3 {[%clk 0:43:50]} 23...
Bxe3 {[%clk 0:50:21]} 24. Qxe3 {[%clk 0:44:14]} 24... Rfe8 {[%clk 0:49:07]} 25.
Qg1 {[%clk 0:41:25]} 25... Qf5 {[%clk 0:45:44]} 26. Rd3 {[%clk 0:40:08]} 26...
Rad8 {[%clk 0:43:04]} 27. Rf1 {[%clk 0:36:18]} 27... Qe6 {[%clk 0:40:22]} 28.
Rxd8 {[%clk 0:35:55]} 28... Rxd8 {[%clk 0:40:47]} 29. Rd1 {[%clk 0:34:25]}
29... Re8 {[%clk 0:39:34]} 30. Qf2 {[%clk 0:32:43]} 30... Qg6 {[%clk 0:37:23]}
31. Kg1 {[%clk 0:31:00]} 31... Qg5 {[%clk 0:30:33]} 32. Rf1 {[%clk 0:28:12]}
32... Qe7 {[%clk 0:30:41]} 33. Rd1 {[%clk 0:24:49]} 1/2-1/2

[Event "DEM U12w 2017"]
[Site "Willingen GER"]
[Date "2017.06.07"]
[Round "6"]
[White "Kalina, Lena"]
[Black "Liu, Sijia Anna"]
[Result "1/2-1/2"]
[Termination "normal"]
[Board "7"]
[WhiteElo "1454"]
[BlackElo "1529"]
[PlyCount "50"]
[WhiteFideId "12988014"]
[BlackFideId "12989746"]
[EventCountry "GER"]
[EventRounds "11"]
[EventType "swiss"]
[EventDate "2017.06.03"]

1. d4 d5 2. Nf3 c6 3. c4 e6 4. cxd5 exd5 5. Nc3 Bb4 6. Bd2 Nf6 7. Qc2 O-O 8. e3
b6 9. a3 Bd6 10. Be2 Bc7 11. h3 Re8 12. O-O h6 13. Rfc1 Qd6 14. Nb5 Qe7 15.
Nxc7 Qxc7 16. Ne5 Ne4 17. Nd3 Ba6 18. Bf3 Bxd3 19. Qxd3 Nd7 20. b4 Rac8 21. Qc2
Re6 22. Bg4 Rf6 23. Bf3 Re6 24. Bg4 Rf6 25. Bf3 Re6 1/2-1/2

[Event "DEM U12w 2017"]
[Site "Willingen GER"]
[Date "2017.06.07"]
[Round "6"]
[White "Breß, Amy Charlize"]
[Black "Nguyen, Phuong Thao Vivien"]
[Result "0-1"]
[Termination "normal"]
[Board "8"]
[WhiteElo "1655"]
[BlackElo "1540"]
[PlyCount "108"]
[WhiteFideId "16233786"]
[BlackFideId "16210735"]
[EventCountry "GER"]
[EventRounds "11"]
[EventType "swiss"]
[EventDate "2017.06.03"]

1. d4 Nf6 2. Nc3 d5 3. Bg5 c5 4. Bxf6 exf6 5. Nf3 Be6 6. e4 dxe4 7. Nxe4 Qa5+
8. c3 cxd4 9. Nxd4 Qe5 10. Qe2 Nd7 11. g3 Be7 12. Bg2 O-O 13. O-O f5 14. Nd2
Qxe2 15. Nxe2 Rad8 16. a3 Nc5 17. Rad1 b6 18. Nd4 Bg5 19. N2f3 Bf6 20. Nc6 Rxd1
21. Rxd1 a5 22. Nfd4 Na4 23. Rd2 Re8 24. Re2 Kf8 25. Rd2 Bc4 26. Nf3 Bb5 27.
Ncd4 Bxd4 28. cxd4 Rc8 29. h4 Rc1+ 30. Kh2 Rb1 31. d5 f6 32. d6 Bd7 33. Nd4
Rxb2 34. Rxb2 Nxb2 35. Bc6 Bxc6 36. Nxc6 Ke8 37. Nb8 Nc4 38. d7+ Kd8 39. a4 Ne5
40. Kg2 Nxd7 41. Nxd7 Kxd7 42. Kf1 Kc6 43. Ke2 Kc5 44. Kd2 Kb4 45. Kc1 Kxa4 46.
Kc2 b5 47. Kb2 b4 48. f3 b3 49. g4 fxg4 50. fxg4 Kb4 51. h5 a4 52. Kb1 a3 53.
Ka1 Kc3 54. Kb1 a2+ 0-1

[Event "DEM U12w 2017"]
[Site "Willingen GER"]
[Date "2017.06.07"]
[Round "6"]
[White "Reichelt, Lena"]
[Black "Schneider, Anna"]
[Result "1-0"]
[Termination "normal"]
[Board "9"]
[WhiteElo "1467"]
[BlackElo "1412"]
[PlyCount "105"]
[WhiteFideId "12981184"]
[BlackFideId "16200527"]
[EventCountry "GER"]
[EventRounds "11"]
[EventType "swiss"]
[EventDate "2017.06.03"]

1. d4 d5 2. Nf3 Nf6 3. e3 e6 4. c4 c5 5. Nc3 Nc6 6. Be2 cxd4 7. exd4 dxc4 8.
Bxc4 Be7 9. O-O O-O 10. a3 Re8 11. Be3 Nd5 12. Nxd5 exd5 13. Ba2 Be6 14. Rc1
Qb6 15. Qd2 Rac8 16. h3 Na5 17. b4 Nc4 18. Bxc4 Rxc4 19. Rxc4 dxc4 20. d5 Qa6
21. dxe6 fxe6 22. Qc3 Bf6 23. Bd4 Be7 24. Bxg7 b5 25. Bh8 Bf8 26. Ra1 Qd6 27.
Be5 Qd7 28. Qc1 Qe7 29. Nd4 a6 30. Nc6 Qf7 31. Qg5+ Qg6 32. Qxg6+ hxg6 33. Rd1
Rc8 34. Nd4 Kf7 35. Nf3 c3 36. Rc1 c2 37. Nd4 Bh6 38. Rxc2 Re8 39. Rc7+ Kf8 40.
f4 Re7 41. Bd6 Kg8 42. Rxe7 Kh8 43. Be5+ Kg8 44. Nxe6 Bf8 45. Nxf8 Kxf8 46. Ra7
Ke8 47. Kf2 Kf8 48. Ke3 Ke8 49. Kd4 Kd8 50. Kd5 Ke8 51. Ke6 Kf8 52. Ba1 a5 53.
Ra8# 1-0

[Event "DEM U12w 2017"]
[Site "Willingen GER"]
[Date "2017.06.07"]
[Round "6"]
[White "Zixin, Li"]
[Black "Adelhardt, Lisa"]
[Result "0-1"]
[Termination "normal"]
[Board "10"]
[WhiteElo "1094"]
[BlackElo "1324"]
[PlyCount "70"]
[WhiteFideId "16244770"]
[BlackFideId "16235380"]
[EventCountry "GER"]
[EventRounds "11"]
[EventType "swiss"]
[EventDate "2017.06.03"]

1. e4 e5 2. Nf3 Nc6 3. Bc4 Bc5 4. d3 Nf6 5. Nc3 d6 6. Be3 Bb6 7. Qd2 Be6 8. Bb3
Ng4 9. O-O-O Nxe3 10. fxe3 Bg4 11. Rhf1 O-O 12. h3 Bxf3 13. Rxf3 Qg5 14. Nd5
Na5 15. Nxb6 axb6 16. Kb1 Nxb3 17. cxb3 Ra6 18. Qf2 f6 19. Rf5 Qg6 20. d4 Qe8
21. g4 exd4 22. Rxd4 Qe6 23. Rc4 c5 24. Qf3 Rfa8 25. a3 b5 26. Rc3 b4 27. axb4
cxb4 28. Rc4 Ra1+ 29. Kc2 Rc8 30. Kd3 Rxc4 31. bxc4 Rc1 32. b3 Rc3+ 33. Kd4 Kf7
34. e5 dxe5+ 35. Rxe5 Qxe5# 0-1